| 000 | 00496nam a2200181Ia 4500 | ||
|---|---|---|---|
| 005 | 20240809105850.0 | ||
| 008 | 231019s9999 xx 000 0 und d | ||
| 020 | _a148-2009015877 | ||
| 082 |
_a332.1 _bHAM-I |
||
| 100 | _aAbdul, Hamid Taga | ||
| 245 | 3 |
_aIntroduction to Sociology/ _cAbdul Hamid Taga |
|
| 260 |
_aLahore, Pakistan; _bImtiaz Book Depot; _c2009. |
||
| 300 |
_axiii, 437 p.: _bill; _c23.5 cm. |
||
| 650 | _aSociology | ||
| 700 | _aAbdul Aziz Taga | ||
| 999 |
_c34593 _d34593 |
||